00784cam a2200217 a 4500008004100000020002200041245010700063260004700170300003200217440003700249505005000286500002000336504004100356650004100397650004800438700002300486700003000509003000100539005001700540040000900557  a0442316577 (hbk.)00aMicrowave engineering handbook :nVolume 3 /cedited by Bradford L. Smith and Michel-Henri Carpentier. aNew York :bVan Nostrand Reinhold,cc1993. ax, 558 p. :bill. ;c24 cm. 0aMicrowave technology series ;v3 gvol. 3. tmicrowave systems and applications. aIncludes index. aIncludes bibliographical references. 0aMicrowavesvHandbooks, manuals, etc. 0aMicrowave devicesvHandbooks, manuals, etc.1 aSmith, Bradford L.1 aCarpentier, Michel-Henri.20230123133618.0 cNUST